Quel est le salaire annuel de ces joueurs ? - Statistiques

Statistiques générales
  • Ce quiz a été pris 4 fois
  • Le résultat moyen est 5 sur 17
Statistiques - réponses
Joueur Salaire Annuel % Correct
Kylian Mbappé 72,00 M
75%
Florian Wirtz 800 k
50%
Heung Min Son 11,56 M
25%
Eduardo Camavinga 12,50 M
25%
Antoine Griezmann 12,50 M
25%
Rodrygo Goes 12,50 M
25%
Cristiano Ronaldo 17,36 M
25%
Victor Osimhen 18,00 M
25%
Jude Bellingham 20,04 M
25%
Vinicius Jr 20,04 M
25%
Robert Lewandowski 22,44 M
25%
Erling Haaland 22,80 M
25%
Jamal Musiala 240 k
25%
Karry Kane 25,20 M
25%
Lionel Messi 26,33 M
25%
Pierre Emerick Aubameyang 7,80 M
25%
Neymar Jr 98,40 M
25%
Aucun quiz correspondant
Distribution des résultats
% des personnes avec chaque résultat
Percentile par nombre de réponses
Votre historique - résultats
Vous n’avez pas pris ce quiz